Państwa chrześcijańskie - nagła śmierć - Statystyki

Ogólne statystyki
  • Ten quiz został rozwiązany 463 razy
    256 od ostatniego zresetowania
  • Średni wynik to 5 z 20
Answers on the Grid
Answers color-coded by a green-red scale on the quiz's grid according to % correct below.
Litwa
Bośnia i Hercegowina
Białoruś
Benin
Niemcy
Węgry
Hiszpania
Gujana
Sudan Południowy
Słowacja
Wyspy Kości Słoniowej
Polska
Australia
Liban
Wielka Brytania
Francja
Czechy
Rosja
Mołdawia
San Marino
Portoryko
Meksyk
Stany Zjednoczone
Dania
Sudan
Pakistan
Kirgistan
Tanzania
Urugwaj
Mozambik
Turkmenistan
Szwecja
 
Statystyki odpowiedzi
Odpowiedź % Poprawnych
Litwa
75%
Niemcy
62%
Polska
60%
Hiszpania
59%
Węgry
51%
Słowacja
47%
Białoruś
45%
Meksyk
14%
San Marino
14%
Rosja
13%
Stany Zjednoczone
13%
Sudan Południowy
10%
Dania
9%
Szwecja
9%
Urugwaj
7%
Gujana
6%
Mołdawia
3%
Portoryko
3%
Mozambik
1%
Tanzania
1%
Nie znaleziono quizów pasujących do podanych kryteriów
Rozkład punktacji
Procent ludzi z każdym wynikiem
Percentyl według liczby udzielonych odpowiedzi
Twoja historia wyników
Nie rozwiązałeś tego quizu od ostatniego zresetowania